000 01009nam a2200277 i 4500
001 181490
003 ES-MaACL
005 20231219062539.0
008 130123s2008 sp f 001 0bspa d
020 _a978-84-666-3828-9
080 _a929 March, Juan
100 1 _aFerrer Guasp, Pere.
_9152131
245 1 0 _aJuan March :
_bel hombre más misterioso del mundo /
_cPere Ferrer Guasp ; traducción de Juan Carlos Gentile Vitale.
250 _a1ª ed.
260 _aBarcelona :
_bEdiciones B,
_c2008.
300 _a489 p., [24] p. de lám. ;
_c24 cm.
490 1 _aNo ficción. Historia
504 _aBibliografía: p. 465-476.
600 1 4 _aMarch, Juan (
_d1880-1962)
_9175565
700 1 _aGentile Vitale, Juan Carlos.
_956361
830 1 _aNo ficción. Historia
_9189176
852 4 _aES-MaACL
_jA-12560
_9188391
_bR.148592
_cDEPO1
_dOlim: N-5563
_xDonación: José Luis Abellán
903 _aAbellán, José Luis,
_d1933-2023
_ednr
_q1
_9176509
942 _2udc
_cMONOGRAFIA
999 _c181490
_d181490